000 01628nam a2200397Ii 4500
001 DIGEDLEV0008
003 NyNyDIG
006 m o d
007 cr |||||||||||
008 240522s2023 ag ob 000 0 spa d
035 _a(OCoLC)1435566860
040 _aDGITA
_beng
_erda
_epn
_cDGITA
020 _z9789878967240
043 _as-ag---
050 1 4 _aF3021.J5 ebook
100 1 _aBrodsky, Lautaro,
_eauthor.
245 1 0 _aDictadura y antisemitismo :
_banálisis sobre la judeofobia durante el terrorismo de Estado (1976-1983) /
_cLautaro Brodsky.
264 1 _aCiudad de Buenos Aires, Argentina :
_bEditorial Leviatán,
_c[2023]
300 _a1 online resource.
336 _atext
_btxt
_2rdacontent
337 _acomputer
_bc
_2rdamedia
338 _aonline resource
_bcr
_2rdacarrier
347 _atext file
_2rdaft
347 _bPDF
504 _aIncludes bibliographical references.
588 0 _aOnline resource; title from PDF title page (Digitalia, viewed May 22, 2024)
650 0 _aJews
_xPersecutions
_zArgentina
_xHistory
_y20th century.
650 0 _aVictims of state-sponsored terrorism
_zArgentina
_xHistory
_y20th century.
651 0 _aArgentina
_xHistory
_yDirty War, 1976-1983.
791 2 _aDigitalia (Firm),
_edistributor.
793 0 _gDigitalia eBook Collection:
_aEditorial Leviatán
776 0 8 _iPrint version:
_aBrodsky, Lautaro.
_tDictadura y antisemitismo.
_dCiudad de Buenos Aires, Argentina : Editorial Leviatán, [2023]
_z9789878967240
856 4 0 _3Digitalia Hispánica
_uhttps://www.digitaliapublishing.com/a/133923/
910 _aPremium collection: 2024
942 _cRAA
999 _c282912
_d282912